Statistiques concernant Films Harry Potter par image

Cliquez ici pour prendre le quiz!

Statistiques générales

  • Ce quiz a été pris 365 fois
  • Le résultat moyen est 35 sur 45

Statistiques - réponses

QuestionTuileSelect% Correct
les images tirées du film Harry Potter et les Reliques de la Mort - Partie 1 ?Non
98%
les images tirées du film Harry Potter et les Reliques de la Mort - Partie 1 ?Non
97%
les images tirées du film Harry Potter et les Reliques de la Mort - Partie 1 ?Non
97%
les images tirées du film Harry Potter et les Reliques de la Mort - Partie 1 ?Non
93%
les images tirées du film Harry Potter et la chambre des secrets ?Non
90%
les images tirées du film Harry Potter et le prisonier d'Azkaban ?Oui
90%
les images tirées du film Harry Potter et le prisonier d'Azkaban ?Non
90%
les images tirées du film Harry Potter et la chambre des secrets ?Non
89%
les images tirées du film Harry Potter et la chambre des secrets ?Non
89%
les images tirées du film Harry Potter et la coupe de feu ?Non
89%
les images tirées du film Harry Potter et la coupe de feu ?Non
89%
les images tirées du film Harry Potter et le Prince de Sang-Mêlé ?Non
88%
les images tirées du film Harry Potter et le Prince de Sang-Mêlé ?Non
88%
les images tirées du film Harry Potter et la coupe de feu ?Non
87%
les images tirées du film Harry Potter et le Prince de Sang-Mêlé ?Non
87%
les images tirées du film Harry Potter et les Reliques de la Mort - Partie 1 ?Non
86%
les images tirées du film Harry Potter et la coupe de feu ?Non
86%
les images tirées du film Harry Potter et la coupe de feu ?Oui
85%
les images tirées du film Harry Potter et la chambre des secrets ?Oui
82%
les images tirées du film Harry Potter et les Reliques de la Mort - Partie 1 ?Oui
81%
les images tirées du film Harry Potter et la chambre des secrets ?Non
80%
les images tirées du film Harry Potter et le Prince de Sang-Mêlé ?Non
79%
les images tirées du film Harry Potter et le prisonier d'Azkaban ?Oui
78%
les images tirées du film Harry Potter et le Prince de Sang-Mêlé ?Oui
78%
les images tirées du film Harry Potter et la chambre des secrets ?Oui
78%
les images tirées du film Harry Potter et le Prince de Sang-Mêlé ?Oui
76%
les images tirées du film Harry Potter et la coupe de feu ?Non
75%
les images tirées du film Harry Potter et le Prince de Sang-Mêlé ?Oui
75%
les images tirées du film Harry Potter et la coupe de feu ?Oui
73%
les images tirées du film Harry Potter et la chambre des secrets ?Oui
73%
les images tirées du film Harry Potter et la chambre des secrets ?Oui
73%
les images tirées du film Harry Potter et la coupe de feu ?Oui
72%
les images tirées du film Harry Potter et la coupe de feu ?Oui
72%
les images tirées du film Harry Potter et les Reliques de la Mort - Partie 1 ?Oui
71%
les images tirées du film Harry Potter et le prisonier d'Azkaban ?Non
69%
les images tirées du film Harry Potter et le Prince de Sang-Mêlé ?Non
68%
les images tirées du film Harry Potter et le prisonier d'Azkaban ?Non
67%
les images tirées du film Harry Potter et le prisonier d'Azkaban ?Oui
66%
les images tirées du film Harry Potter et le Prince de Sang-Mêlé ?Non
66%
les images tirées du film Harry Potter et la chambre des secrets ?Oui
65%
les images tirées du film Harry Potter et les Reliques de la Mort - Partie 1 ?Oui
65%
les images tirées du film Harry Potter et le prisonier d'Azkaban ?Oui
63%
les images tirées du film Harry Potter et le prisonier d'Azkaban ?Oui
60%
les images tirées du film Harry Potter et les Reliques de la Mort - Partie 1 ?Non
54%
les images tirées du film Harry Potter et le prisonier d'Azkaban ?Oui
49%

Distribution des résultats

Percentile par nombre de réponses

% des personnes avec chaque résultat

Votre développement - résultats

Vous n’avez pas pris ce quiz